Абсорбционные процессы в химической промышленности

Bibliographic Details
Main Author: Рамм В. М.
Language:Russian
Published: Москва, Госхимиздат, 1951
Subjects:
Format: MixedMaterials Book
KOHA link:https://koha.lib.tpu.ru/cgi-bin/koha/opac-detail.pl?biblionumber=61988

MARC

LEADER 00000nam0a2200000 4500
001 61988
005 20231031062927.0
035 |a (RuTPU)RU\TPU\book\65679 
090 |a 61988 
100 |a 20040330d1951 km y0rusy50 ca 
101 0 |a rus 
102 |a RU 
105 |a a z 001zy 
200 1 |a Абсорбционные процессы в химической промышленности  |f В. М. Рамм 
210 |a Москва  |a Ленинград  |c Госхимиздат  |d 1951 
215 |a 352 с.  |c ил. 
320 |a Библиогр.: с. 331-342 
320 |a Предметный указатель: с. 343-351 
610 1 |a химическая промышленность 
610 1 |a абсорбционные процессы 
610 1 |a расчеты 
610 1 |a аппаратура 
610 1 |a абсорбция 
610 1 |a применение 
675 |a 660.2  |v 3 
700 1 |a Рамм  |b В. М. 
801 1 |a RU  |b 63413507  |c 20040330  |g PSBO 
801 2 |a RU  |b 63413507  |c 20060228  |g PSBO 
942 |c BK